LEADER 01405nam a2200229 i 4500 001 000000221758 003 CaOOAMICUS 005 20240805085147.0 008 130807s1750 xx u000 u lat u 013 $a200655 026 $ansi. 9997 --4. reRE (3) 1750 (R) 040 $aSeMil$bita 245 10$aTomus quintus ex posthumis complectens tractatum De sacramento extremae-unctionis et tractatum De sacramento ordinis in tres partes discretum, faustissimis sub auspiciis eminentissimi principis Josephi Puteobonelli .. 300 $a[12] p., 980 col., [2] p., [1] carta di tav. :$britr. calcogr. 500 $aRitr. del dedicatario inciso da P. Perfetti 500 $aSegn.: a6 A-3O4 3P6 700 1 $aPerfetti, Pietro .$0(OLS)http://semarc/name/73740 773 0 $aLiberio : da Gesù $tControversiarum scholastico-polemico-historico-criticarum auctore Liberio a Jesu ... Tomus 1. [-8.].$dMediolani : Ex Typographia Petri Francisci Malatestae, 1743-1757.$g5$w()4331 850 $aSeMil 852 $aSeMil$W1$xVenegono$y1$m2M VI 5 FA$j172107$B172107$CSeMilBibl$Z2$F182690 $8I 996 $6245$aTomus quintus ex posthumis complectens tractatum De sacramento extremae-unctionis et tractatum De sacramento ordinis in tres partes discretum, faustissimis sub auspiciis eminentissimi principis Josephi Puteobonelli ..$9(OLS)http://semarc/title/317920 LEADER 00694nas a2200181 i 4500 001 000000010132 003 CaOOAMICUS 005 20190828104330.0 008 180830s1983 it u0 ita u 040 $aSeMil$bita 245 10$aSintesi e documenti di letteratura italiana contemporanea. 260 $aBrescia :$bLa Scuola,$c1983. 300 $av. ;$c20 cm. 700 1 $aPetrocchi, Giorgio,$d<1921-1989>.$0(OLS)http://semarc/name/4945 700 1 $aMariani, Gaetano.$0(OLS)http://semarc/name/3940 996 $6245$aSintesi e documenti di letteratura italiana contemporanea$9(OLS)http://semarc/title/13397 996 $6260$aBrescia :$bLa Scuola$9(OLS)http://semarc/publisher/29831 LEADER 00970nam a2200217 i 4500 001 000000039121 003 CaOOAMICUS 005 20090707000000.0 008 090707n xx u000 u fre u 013 $a9848 040 $aSeMil$bita 245 10$aTome 2 /$cpréface de Mgr Paul Poupard président du Conseil Pontifical pour la culture et de J.-P. Bady , ancien directeur de la Caisse nationale des mouments historiques et des sites. 300 $aX, 462 p. :$bill. 650 4$aParigi.$0(OLS)http://semarc/subject/8045 700 1 $aBady, Jean-Pierre.$0(OLS)http://semarc/name/18900 700 1 $aPoupard, Paul,$c.$0(OLS)http://semarc/name/3176 773 0 $aViolle, Bernard$tParis.$dParis : Les Éditions du Cerf, 1982.$w()21645 850 $aSeMil 852 $aSeMil$W1$xVenegono$y1$m3B V 117$j5276$B5276$CSeMilBibl$Z2$F5276 $81 961 $aOmaggio: Martini Card. Carlo Maria 996 $6245$aTome 2$9(OLS)http://semarc/title/55541